Adivinhe os escudos de Times Brasileiros - Statistics

Estatísticas Gerais
  • Esse quiz foi jogado 521 vezes
  • A pontuação média é 11 de 16
Estatísticas das Respostas
Imagem Resposta % Correto
Avaí
93%
Fortaleza
92%
Cuiabá
91%
Ceará
89%
América Mineiro
88%
Remo
85%
Guarani
82%
CRB
81%
Caxias do Sul
72%
Portuguesa - RJ
64%
Athletic
63%
Nova Iguaçu
63%
Sergipe
42%
Olaria
34%
Democrata de Governador Valadares
19%
Campinense
9%
Nenhum quiz correspondente encontrado
Distribuição das Pontuações
Porcentagem de Pessoas com Cada Pontuação
Percentil de Números Respondidos
Sua Pontuação Histórica
Você não jogou esse quiz